000 00542nam a22001697a 4500
005 20251108164320.0
008 250721s1961 xx 000 0 ara d
082 1 4 _a811.634/علي
100 1 _aالطاهر، علي جواد
245 1 0 _aالشعر العربي في العراق و بلاد العجم في العصر السلجوقي /
264 1 _aبغداد :
_bمطبعة العاني،
_c1961.
300 _a
650 1 7 _aالشعر العربي
650 1 7 _aالسلاجقة 1040-1308
942 _2ddc
_cBK
999 _c9141
_d9141